000 00568nam1a22002051i 4500
001 rc\2820334
005 20240726060119.0
035 _a(NLR Aleph) 006978787
090 _a5510220
_c5510220
100 _a20110622d1928 |||y0rusy50 ca
101 0 _arus
102 _aRU
105 _ay z |||||
200 1 _aБиблиотечка "Бегемота"
_e[Издания] № 1-6
210 _aЛенинград
_cКрасная газета
_d1928
215 _d17×11 см
801 0 _aRU
_bNLR
_gpsbo
801 1 _aRU
_bELAR
_2rusmarc
852 _aNLR
_j62/44
942 _cBOOK